Fuzzy-neural control : (Record no. 548256)

000 -LEADER
fixed length control field 00608fam a2200181 a 4500
020 ## - INTERNATIONAL STANDARD BOOK NUMBER
International Standard Book Number 0133379167
082 00 - DEWEY DECIMAL CLASSIFICATION NUMBER
Classification number 629.89
Author Mark NIE
-- L-38, P-157
100 1# - MAIN ENTRY--PERSONAL NAME
Personal name Nie, Junhong.
9 (RLIN) 44476
245 10 - TITLE STATEMENT
Title Fuzzy-neural control :
Remainder of title principles, algorithms, and applications /
Statement of responsibility, etc. Junhong Nie and Derek A. Linkens.
260 ## - PUBLICATION, DISTRIBUTION, ETC.
Place of publication, distribution, etc. New York :
Name of publisher, distributor, etc. Prentice Hall,
Date of publication, distribution, etc. 1995.
300 ## - PHYSICAL DESCRIPTION
Extent xii, 243 p. :
Other physical details ill. ;
Dimensions 25 cm.
526 ## - STUDY PROGRAM INFORMATION NOTE
Program name 0
Interest level 0
Reading level 0
Title point value 629_890000000000000_NIE
650 #0 - SUBJECT ADDED ENTRY--TOPICAL TERM
Topical term or geographic name entry element Fuzzy systems.
9 (RLIN) 44477
650 #0 - SUBJECT ADDED ENTRY--TOPICAL TERM
Topical term or geographic name entry element MCE
9 (RLIN) 379
650 #0 - SUBJECT ADDED ENTRY--TOPICAL TERM
Topical term or geographic name entry element Neural networks (Computer science)
9 (RLIN) 18586
700 1# - ADDED ENTRY--PERSONAL NAME
Personal name Linkens, D. A.
9 (RLIN) 44478
942 ## - ADDED ENTRY ELEMENTS (KOHA)
Source of classification or shelving scheme
Koha item type Book
Holdings
Withdrawn status Lost status Source of classification or shelving scheme Damaged status Not for loan Permanent Location Current Location Date acquired Total Checkouts Full call number Barcode Date last seen Price effective from Koha item type
          Military College of Engineering (MCE) Military College of Engineering (MCE) 08/25/2014   629.89 NIE MCE-40418 08/25/2014 08/25/2014 Book
© 2023 Central Library, National University of Sciences and Technology. All Rights Reserved.